| 000 | 02390cam a22004694i 4500 | ||
|---|---|---|---|
| 003 | PE-LiUPU | ||
| 005 | 20250731173126.0 | ||
| 008 | 150623s1975 miu rb 000 0 eng d | ||
| 035 | _a(Sirsi) a25983 | ||
| 040 |
_aPE-LiUPU _bspa _cPE-LiUPU _erda |
||
| 049 | _aPRUA | ||
| 082 | 0 | 4 |
_a220.8 _bA3 _221 |
| 100 | 1 |
_aLockyer, Herbert, _eautor. |
|
| 245 | 1 | 0 |
_aAll the divine names and titles in the Bible : _ba unique classification of all scriptural designations of the three persons of the trinity. _n4 / _cHerbert Lockyer. |
| 264 | 1 |
_aGrand Rapids : _bZondervan Publishing House, _c1975. |
|
| 300 |
_a360 páginas ; _c23 cmentímetros |
||
| 336 |
_atext _2rdacontent |
||
| 337 |
_aunmediated _2rdamedia |
||
| 338 |
_avolume _2rdacarrier |
||
| 490 | 0 |
_aThe All Series by Herbert Lockyer ; _v4 |
|
| 504 | _aIncluye bibliografía. | ||
| 505 | 0 | _aThe names and titles of God the father: Personal names -- Symbolic designations -- Summary of divine names and titles in all Old Testament books -- The names and titles of God the son: His names and titles -- Names and titles of christ in the New Testament -- Alphabetical exposition of names and titles -- Applied to christ in the Bible -- The names and titles of God the spirit: Actual names and titles: Old Testament names and titles: Those expressing his relation to God -- Those expressing his character -- Those expressing his operations upon men -- New Testament names and titles -- Names and titles associated with his personality -- Manifold names and titles given him -- Symbolic designations. | |
| 526 | _aSEG42 | ||
| 526 | _aSEG41 | ||
| 526 | _aSEG40 | ||
| 526 | _aSEG39 | ||
| 526 | _aP94 | ||
| 526 | _aP87 | ||
| 526 | _aP86 | ||
| 526 | _aP85 | ||
| 526 | _aP77 | ||
| 526 | _aP76 | ||
| 526 | _aP35 | ||
| 600 | 1 | 4 |
_aJesucristo _xPersona y cargos _xEnseñanza bíblica. |
| 650 | 2 | 4 |
_aDios _xEnseñanza bíblica. |
| 650 | 2 | 4 |
_aEspíritu Santo _xEnseñanza bíblica.. |
| 942 |
_2ddc _cBOOK |
||
| 949 |
_a220.8 A3 4 _wDEWEY _c1 _i51256 _lCCODEBUL1 _mBUL _p15.00 _r0 _sY _tBOOK _u2015-06-24 _xTEOLOGIA _PP35 _0COMPRA _o.STAFF. Colección General |
||
| 596 | _a1 | ||
| 999 |
_a220.8 A3 4 _wDEWEY _c32964 _i51256 _d32964 _f2021-11-9 _g5 _lCCODEBUL1 _mBUL _p15.00 _q1 _r0 _sY _tBOOK _u2015-6-24 _xTEOLOGIA _PP35 _0COMPRA _o.STAFF. Colección Teología |
||
| 980 |
_81 _gALBERTO SANCHEZ Responsable de Automatización |
||